Most Streamed Song By KPOP Artist/Group - Statistics

General Stats
  • This quiz has been taken 181 times
  • The average score is 15 of 29
Answer Stats
Hint Answer % Correct
BTS Dynamite
79%
ILLIT Magnetic
74%
SEVENTEEN Super
74%
aespa Drama
73%
PSY Gangnam Style
72%
BIGBANG BANG BANG BANG
71%
LE SSERAFIM ANTIFRAGILE
66%
NewJeans OMG
66%
Stray Kids God's Menu
64%
ITZY WANNABE
64%
Red Velvet Psycho
61%
IVE LOVE DIVE
60%
BLACKPINK How You Like That
54%
EXO Love Shot
53%
I-DLE Nxde
53%
Girls' Generation (SNSD) Gee
49%
Mamamoo HIP
47%
TWICE FANCY
45%
iKON LOVE SCENARIO
42%
Wonder Girls Tell Me
42%
Ateez BOUNCY
39%
LeeHi ONLY
35%
Somi DUMB DUMB
31%
NCT 127 Kick It
31%
ENHYPEN FEVER
30%
SuperM Jopping
30%
SHINee Replay
29%
IU eight
18%
TXT 0X1=LOVESONG
9%
No matching quizzes found
Score Distribution
Percent of People with Each Score
Percentile by Number Answered
Your Score History
You have not taken this quiz